Практикум по методам оптимизации: учебное пособие для вузов

Bibliografiske detaljer
Hovedforfatter: Сдвижков О. А. Олег Александрович
Summary:В учебное пособие вошли задачи линейного программирования, динамического программирования, оптимизации на графах, управления запасами, теории массового обслуживания и теории игр. Приведены постановки основных задач, их математические модели, алгоритмы решений и образцы решения типовых задач. По всем темам есть задания для самостоятельного решения и ответы. Главы заканчиваются контрольными заданиями, содержащими параметры, которые можно использовать для получения индивидуальных заданий. Традиционные методы решений дополнены информационными технологиями, включая режим онлайн, с помощью специально разработанных макросов MS Excel, загруженных на сайты автора. Пособие ориентировано на студентов направлений «Экономика» и «Менеджмент», но будет полезно студентам и других направлений, на которых изучаются математические методы, применяемые в экономике, а также всем, кто интересуется информационными технологиями обработки экономических данных.
Sprog:russisk
Udgivet: Москва, Инфра-М, 2015
Serier:Вузовский учебник
Fag:
Format: MixedMaterials Bog
KOHA link:https://koha.lib.tpu.ru/cgi-bin/koha/opac-detail.pl?biblionumber=269742

MARC

LEADER 00000nam0a2200000 4500
001 269742
005 20231101234301.0
010 |a 9785955803722 
010 |a 978-5-16-009846-3 
035 |a (RuTPU)RU\TPU\book\292920 
090 |a 269742 
100 |a 20140922d2015 m y0rusy50 ca 
101 0 |a rus 
102 |a RU 
105 |a a j 001zy 
200 1 |a Практикум по методам оптимизации  |e учебное пособие для вузов  |f О. А. Сдвижков 
210 |a Москва  |c Инфра-М  |c Вузовский учебник  |d 2015 
215 |a 200 с.  |c ил. 
225 1 |a Вузовский учебник 
320 |a Библиогр.: с. 197. 
330 |a В учебное пособие вошли задачи линейного программирования, динамического программирования, оптимизации на графах, управления запасами, теории массового обслуживания и теории игр. Приведены постановки основных задач, их математические модели, алгоритмы решений и образцы решения типовых задач. По всем темам есть задания для самостоятельного решения и ответы. Главы заканчиваются контрольными заданиями, содержащими параметры, которые можно использовать для получения индивидуальных заданий. Традиционные методы решений дополнены информационными технологиями, включая режим онлайн, с помощью специально разработанных макросов MS Excel, загруженных на сайты автора. Пособие ориентировано на студентов направлений «Экономика» и «Менеджмент», но будет полезно студентам и других направлений, на которых изучаются математические методы, применяемые в экономике, а также всем, кто интересуется информационными технологиями обработки экономических данных. 
606 1 |a Оптимальные процессы  |x Математическая теория  |x (математика)  |2 stltpush  |3 (RuTPU)RU\TPU\subj\47189  |9 66249 
606 1 |a Оптимальные решения в экономике  |x Экономико-математические модели  |2 stltpush  |3 (RuTPU)RU\TPU\subj\70521  |9 84758 
610 1 |a линейное программирование 
610 1 |a оптимизация 
610 1 |a теория графов 
610 1 |a динамическое программирование 
610 1 |a системы массового обслуживания 
610 1 |a запасы 
610 1 |a оптимизация 
610 1 |a матричные игры 
610 1 |a учебные пособия 
610 1 |a практикумы 
675 |a 517.977(076.5)  |v 3 
686 |a Ув631.5я73  |v LBC/SL-A  |2 rubbk 
700 1 |a Сдвижков  |b О. А.  |g Олег Александрович 
801 1 |a RU  |b 63413507  |c 20140922 
801 2 |a RU  |b 63413507  |c 20220916  |g RCR 
900 |a Методы оптимизации 
942 |c BK 
955 |b 080100  |b 080200  |l 8 
959 |a 130/20140919  |d 5  |e 399,90  |f ЧЗТЛ:1  |f АНЛ:1  |f УФ:3